Organic spectroscopy / (Record no. 8046)
[ view plain ]
| 000 -LEADER | |
|---|---|
| fixed length control field | 00823mam a22003258a 4500 |
| 001 - CONTROL NUMBER | |
| control field | 2047806 |
| 005 - DATE AND TIME OF LATEST TRANSACTION | |
| control field | 20150520092345.0 |
| 006 - FIXED-LENGTH DATA ELEMENTS--ADDITIONAL MATERIAL CHARACTERISTICS--GENERAL INFORMATION | |
| fixed length control field | 000 |
| 007 - PHYSICAL DESCRIPTION FIXED FIELD--GENERAL INFORMATION | |
| fixed length control field | 000 |
| 008 - FIXED-LENGTH DATA ELEMENTS--GENERAL INFORMATION | |
| fixed length control field | 000 |
| 010 ## - LIBRARY OF CONGRESS CONTROL NUMBER | |
| LC control number | 90026310 |
| 020 ## - INTERNATIONAL STANDARD BOOK NUMBER | |
| International Standard Book Number | 033357317X |
| 035 ## - SYSTEM CONTROL NUMBER | |
| System control number | (OCoLC)22906507 |
| System control number | (OCoLC)ocm22906507 |
| System control number | (NNC)2047806 |
| 040 ## - CATALOGING SOURCE | |
| Original cataloging agency | UOEL |
| Transcribing agency | DLC |
| Modifying agency | NhD |
| 050 00 - LIBRARY OF CONGRESS CALL NUMBER | |
| Classification number | QD272 |
| Item number | K45 1991 |
| 082 00 - DEWEY DECIMAL CLASSIFICATION NUMBER | |
| Classification number | 547.3/0858 |
| Edition number | 20 |
| 090 ## - LOCALLY ASSIGNED LC-TYPE CALL NUMBER (OCLC); LOCAL CALL NUMBER (OCLC) | |
| Classification number (OCLC) (R) ; Classification number, CALL (RLIN) (NR) | QD272.S6 |
| Local cutter number (OCLC) ; Book number/undivided call number, CALL (RLIN) | K45 1991 |
| 100 1# - MAIN ENTRY--PERSONAL NAME | |
| Personal name | Kemp, William, |
| Dates associated with a name | 1932- |
| 245 10 - TITLE STATEMENT | |
| Title | Organic spectroscopy / |
| Statement of responsibility, etc | William Kemp. |
| 250 ## - EDITION STATEMENT | |
| Edition statement | 3rd ed. |
| 260 ## - PUBLICATION, DISTRIBUTION, ETC. (IMPRINT) | |
| Place of publication, distribution, etc | New York : |
| Name of publisher, distributor, etc | W.H. Freeman, |
| Date of publication, distribution, etc | c1991. |
| 300 ## - PHYSICAL DESCRIPTION | |
| Extent | xxii, 393 p. : |
| Other physical details | ill. ; |
| Dimensions | 25 cm. |
| 504 ## - BIBLIOGRAPHY, ETC. NOTE | |
| Bibliography, etc | Includes bibliographical references and index. |
| 650 #0 - SUBJECT ADDED ENTRY--TOPICAL TERM | |
| Topical term or geographic name as entry element | Spectrum analysis. |
| Topical term or geographic name as entry element | Chemistry, Organic. |
| 942 ## - ADDED ENTRY ELEMENTS (KOHA) | |
| Source of classification or shelving scheme | Library of Congress Classification |
| Item type | Loan - Normal on open shelf |
| Withdrawn status | Lost status | Source of classification or shelving scheme | Damaged status | Not for loan | Home library | Current library | Shelving location | Date acquired | Total Checkouts | Full call number | Barcode | Date last seen | Date last borrowed | Copy number | Price effective from | Koha item type |
|---|---|---|---|---|---|---|---|---|---|---|---|---|---|---|---|---|
| Library of Congress Classification | UOE Main Library | UOE Main Library | Open shelf | 20/05/2015 | 1 | QD272 K45 1991 | 20143295 | 27/04/2026 | 03/12/2016 | 20143295 | 20/05/2015 | Loan - Normal on open shelf | ||||
| Library of Congress Classification | UOE Main Library | UOE Main Library | Open shelf | 20/05/2015 | QD272 K45 1991 | 20143294 | 27/04/2026 | 20143294 | 20/05/2015 | Loan - Normal on open shelf | ||||||
| Library of Congress Classification | UOE Main Library | UOE Main Library | Open shelf | 20/05/2015 | QD272 K45 1991 | 20143293 | 27/04/2026 | 20143293 | 20/05/2015 | Loan - Normal on open shelf | ||||||
| Library of Congress Classification | UOE Main Library | UOE Main Library | Open shelf | 20/05/2015 | QD272 K45 1991 | 20138213 | 27/04/2026 | 20138213 | 20/05/2015 | Loan - Normal on open shelf | ||||||
| Library of Congress Classification | UOE Main Library | UOE Main Library | Open shelf | 20/05/2015 | QD272 K45 1991 | 20138239 | 27/04/2026 | 20138239 | 20/05/2015 | Loan - Normal on open shelf | ||||||
| Library of Congress Classification | UOE Main Library | UOE Main Library | Open shelf | 28/02/2019 | QD272 K45 1991 | 20155381 | 27/04/2026 | 20155381 | 28/02/2019 | Loan - Normal on open shelf |
